00609nam a2200169Ia 4500008004100000100001700041245008800058245005100146260003900197260000900236300001100245650001800256650001500274856005800289999001900347952007300366170221s9999 xx 000 0 und d aPilar Lacasa aMedia as Practice: Narrative and Conceptual Approach for Qualitative Data Analysis  cPilar Lacasa, Rut Martinez-Borda, Laura Mendez bStudies in Media and Communication c2013 a33 : 6 xCommunication xMedia Arts uhttp://redfame.com/journal/index.php/smc/issue/view/6 c311054d311054 001040aCLbCLd2017-02-21l0r2017-02-21 00:00:00w2017-02-21yFOJ